00493nam a22001575i 450000100060000000300090000600500170001500700030003200800410003504000200007610000300009624501010012626000370022730000500026485200210031448594ES-MaACL20230906161759.0t|950726s1887 fr ac ||||1| fre d aCAM bspa cCAM1 aDesnoiresterres, Gustave.13aLe chevalier dorat et les poètes légers au XVIII siècle / cpar Gustave Desnoiresterres... aParis : bPerrin et Cie, c1887. aXII, 468 p., [3] h. de lám. ret. ; c19 cm. aES-MaACLjF-5861